[Oraciones de penitencia] /
Compilación de oraciones escritas por el jesuita Juan Antonio Mora, el cual fue rector del Colegio de Querétaro, para el sacramento de la penitencia.
I tiakina i:
| Kaituhi matua: | |
|---|---|
| Hōputu: | Pukapuka |
| Reo: | Pāniora |
| Ngā marau: | |
| Ngā Tūtohu: |
Kāore He Tūtohu, Me noho koe te mea tuatahi ki te tūtohu i tēnei pūkete!
|
MARC
| LEADER | 00000nam^a2200000^a^4500 | ||
|---|---|---|---|
| 001 | 000136368 | ||
| 005 | 20250526000000.0 | ||
| 009 | 20260310095315.787 | ||
| 037 | |a Acervo ITESO - Biblioteca | ||
| 041 | |a ESP | ||
| 082 | |a 242. 725 |b MOR | ||
| 100 | |a Mora, Juan Antonio |e (autor) | ||
| 245 | 1 | 1 | |a [Oraciones de penitencia] / |c J.A. Mora. |
| 264 | |a México : |b editorial no identificada, |c 1722 | ||
| 300 | |a 238 p. ; |c 14.5 cm. | ||
| 520 | |a Compilación de oraciones escritas por el jesuita Juan Antonio Mora, el cual fue rector del Colegio de Querétaro, para el sacramento de la penitencia. | ||
| 649 | |a XX | ||
| 650 | |a Libros de Oraciones y Devocionarios | ||
| 650 | |a Oración (Religión) | ||
| 650 | |a Meditación | ||
| 650 | |a Penitencia | ||
| 650 | |a Arrepentimiento | ||
| 650 | |a Ejercicios Devotos | ||
| 650 | |a Vida Espiritual | ||
| 650 | |a Teología Práctica | ||
| 650 | |a Catolicismo | ||
| 650 | |a Cristianismo | ||
| 650 | |a Religión | ||
| 910 | |a Fondo Salvador Reynoso Reynoso | ||
| 920 | |a Impresos - Libros | ||
| 930 | |a Libros Antiguos y Raros | ||
| 905 | |a 108 | ||
| 901 | |a 0800014159 |b IT2 |c LRA |u 20250526 | ||
| 902 | |a https://opac.biblio.iteso.mx/vufind/Record/000136368 | ||